| 000 | 00747nam a22002057a 4500 | ||
|---|---|---|---|
| 999 |
_c11206 _d11206 |
||
| 003 | AR-CdUCM | ||
| 008 | 190403b ||||| |||| 00| 0 spa d | ||
| 040 |
_aMUNICIPALIDAD PROVINCIAL DEL CUSCO _cBIBLIOTECA MUNICIPAL DEL CUSCO |
||
| 082 |
_a346 / _bP13 / 1862 |
||
| 100 |
_aPacheco, T. _928447 |
||
| 245 | _aTratado de derecho civil / | ||
| 260 |
_aLima : _bHispano-francesa, _c1862. |
||
| 300 |
_a394 páginas ; _c21.5 cm. |
||
| 500 | _aDedicatoria | ||
| 505 | _aContenido: t.2. De las cosas en general -- De los derechos sobre las cosas o de la propiedad -- Modificaciones de la propiedad -- De los modos como se adquiere la propiedad. | ||
| 650 |
_aDerecho civil _97386 |
||
| 650 |
_aPropiedad _9740 |
||
| 942 |
_2ddc _cLIBROS |
||
| 945 | _aacv | ||